Sports Quiz

Random Sports or Canada Quiz
Score 0/9 Timer 01:30
0 Plays Today
Sport Team % Correct
MLBToronto Blue Jays
96.2%
NBA Toronto Raptors
94.3%
NHLToronto Maple Leafs
93.3%
NHLVancouver Canucks
89.6%
NHLMontreal Canadiens
89.4%
NHLCalgary Flames
81.4%
NHLOttawa Senators
81.2%
NHLEdmonton Oilers
80.7%
NHLWinnipeg Jets
78.2%
Remove Ads.
Support Sporcle.
Get the best of Sporcle when you Go Orange. This ad-free experience offers more features, more stats, and more fun while also helping to support Sporcle. Thank you for becoming a member.

You're not logged in!

Compare scores with friends on all Sporcle quizzes.
OR
Log In

Show Comments

Extras

Top Quizzes Today


Score Distribution

Your Account Isn't Verified!

In order to create a playlist on Sporcle, you need to verify the email address you used during registration. Go to your Sporcle Settings to finish the process.

Report this User

Report this user for behavior that violates our Community Guidelines.

Details: